Quarterly energy statistics (Record no. 84441)
[ view plain ]
| 000 -LEADER | |
|---|---|
| fixed length control field | 01147cad a22001815a 4500 |
| 001 - CONTROL NUMBER | |
| control field | L157707 |
| 008 - FIXED-LENGTH DATA ELEMENTS--GENERAL INFORMATION | |
| fixed length control field | 130328e2013 xxk 000 0 eng d |
| 035 ## - SYSTEM CONTROL NUMBER | |
| System control number | (Sirsi) u157707 |
| 041 0# - LANGUAGE CODE | |
| Language code of text/sound track or separate title | eng |
| 245 00 - TITLE STATEMENT | |
| Title | Quarterly energy statistics |
| Remainder of title | Energy Trends and Quarterly Energy Prices |
| Medium | [electronic resource] |
| 260 ## - PUBLICATION, DISTRIBUTION, ETC. | |
| Place of publication, distribution, etc. | London |
| Name of publisher, distributor, etc. | DECC |
| Date of publication, distribution, etc. | 2013 |
| 520 ## - SUMMARY, ETC. | |
| Summary, etc. | Energy Trends covers statistics on energy production and consumption, in total and by fuel. Also provides an analysis of the year on year changes and a section on renewables. The main points for the fourth quarter of 2012 include; total energy production was 10% lower than in 2011 due to significant falls in oil and gas production as a result of maintenance activity and that imports in 2012 were at a record high, with exports at their lowest level since 1989. Net import dependency rose to 43 per cent, the highest level since 1976. |
| 590 ## - LOCAL NOTE (RLIN) | |
| Local note | KA |
| 651 #4 - SUBJECT ADDED ENTRY--GEOGRAPHIC NAME | |
| Geographic name | United Kingdom |
| 690 ## - LOCAL SUBJECT ADDED ENTRY--TOPICAL TERM (OCLC, RLIN) | |
| Topical term or geographic name as entry element | Energy |
| 9 (RLIN) | 6237 |
| 856 40 - ELECTRONIC LOCATION AND ACCESS | |
| Uniform Resource Identifier | <a href="https://www.gov.uk/government/uploads/system/uploads/attachment_data/file/172982/stats_press_release_mar_13.pdf">https://www.gov.uk/government/uploads/system/uploads/attachment_data/file/172982/stats_press_release_mar_13.pdf</a> |
| Public note | View the item free of charge at www.gov.uk |
| 942 ## - ADDED ENTRY ELEMENTS (KOHA) | |
| Suppress in OPAC | 0 |
| Withdrawn status | Lost status | Source of classification or shelving scheme | Damaged status | Not for loan | Home library | Current library | Shelving location | Date acquired | Total Checkouts | Full call number | Barcode | Date last seen | Copy number | Price effective from | Koha item type |
|---|---|---|---|---|---|---|---|---|---|---|---|---|---|---|---|
| Dewey Decimal Classification | Virtual | Virtual | Online | 28/03/2013 | ONLINE PUBLICATION | 157707-2001 | 06/08/2019 | 1 | 06/08/2019 | Online material |